| 000 | 00524nam a2200181Ia 4500 | ||
|---|---|---|---|
| 003 | GCL | ||
| 008 | 140319s9999 xx 000 0 eng d | ||
| 040 |
_aGCL / _cGCL |
||
| 082 | 0 | 4 |
_a932 _bN G |
| 100 | 1 | _aNATIONAL MUSEUMS AND GALLERIES | |
| 245 | 1 | 0 |
_aGIFTS OF THE NILE: ANCIENT EGYPTIAN ART AND CRAFTS IN LIVERPOOL MUSEUM / _cNATIONAL MUSEUMS AND GALLERIES |
| 260 |
_a[S.N] : _bHMSO ، _c1995 |
||
| 300 | _a130 P | ||
| 650 | 0 | 4 | _aART - EGYPT |
| 650 | 0 | 4 | _aANCIENT EGYPT |
| 650 | 0 | 4 | _aANCIENT EGYPTIAN |
| 942 |
_2ddc _cBK |
||
| 999 |
_c10340 _d10340 |
||